000 00495nam a2200169 i 4500
001 81382
003 ES-MaACL
005 20230906174427.0
007 t|
008 041104q19001999sp ||||1| spa d
100 1 _aHoyos y Vinent, Antonio de,
_dca. 1885-1940
_964441
245 1 0 _aMors in vita
_b: novela original /
_cde Antonio de Hoyos y Vinent.
260 _aMadrid :
_bIdamor Moreno,
_c[19--?]
300 _a198 p. ;
_c18 cm.
852 _aES-MaACL
_jF-9838
999 _c81382
_d81382